000 00264nam a2200109Ia 4500
008 190216s9999||||xx |||||||||||||| ||und||
100 _aBhakri S S
245 0 _aMaster Guide To Bank Recruitment Test
260 _bNew Heights
650 _aReferences
942 _cREF
999 _c35612
_d35612